20 joueurs de Premier League à retrouver (2024-2025) - Statistiques

Statistiques générales
  • Ce quiz a été pris 174 fois
  • Le résultat moyen est 15 sur 20
Statistiques - réponses
Par images Réponse % Correct
William Saliba
99%
Cole Palmer
97%
Sandro Tonali
92%
Savinho
92%
Jean-Philippe Mateta
90%
Ryan Gravenberch
87%
Diogo Dalot
82%
Matheus Cunha
82%
Aaron Ramsdale
79%
Bernd Leno
78%
Yoane Wissa
76%
Morgan Gibbs-White
69%
Aaron Wan-Bissaka
67%
Morgan Rogers
59%
Brennan Johnson
57%
Liam Delap
57%
Georginio Rutter
54%
Séamus Coleman
54%
Dean Huijsen
50%
Bilal El Khannouss
31%
Aucun quiz correspondant
Distribution des résultats
% des personnes avec chaque résultat
Percentile par nombre de réponses
Votre historique - résultats
Vous n’avez pas pris ce quiz